| 000 | 00403nam a2200145Ia 4500 | ||
|---|---|---|---|
| 005 | 20251222143317.0 | ||
| 008 | 251222s9999||||xx |||||||||||||| ||spa|| | ||
| 020 | _a978-9972-726-07-1 | ||
| 082 | _a985.04/G17/2009 | ||
| 100 | _aGamio Palacio, Fernando | ||
| 245 | 0 | _aLa Municipalidad de Lima y La Emancipación 1821 | |
| 250 | _a3a.ed. | ||
| 264 | _bMunicipalidad Metropolitana de Lima | ||
| 942 | _cLIB | ||
| 999 |
_c15949 _d15949 |
||